| 000 | 01123cam a2200325 i 4500 | ||
|---|---|---|---|
| 999 |
_c200443344 _d61556 |
||
| 001 | 200443344 | ||
| 003 | TR-AnTOB | ||
| 005 | 20240913073755.0 | ||
| 007 | ta | ||
| 008 | 080321s1984 tu a 000 0 tur d | ||
| 035 | _a(TR-AnTOB)200443344 | ||
| 040 |
_aBGZ _beng _erda _cBGZ _dTR-AnTOB |
||
| 041 | 0 | _atur | |
| 050 | 4 |
_aHG4026 _b.K475 1984 |
|
| 090 |
_aHG4026 _b.K475 1984 |
||
| 100 | 1 |
_aKeskin, Aydan _eauthor _9132438 |
|
| 245 | 1 | 0 |
_aİşletme sonuçları konusunda erken uyarı sistemi / _cAydan Keskin , Erdinç Özselçuk. |
| 264 | 1 |
_aİstanbul : _bTSKB Ekonomik Analiz ve Konjonktür Müdürlüğü, _c1984. |
|
| 300 |
_a1 volume (various pagings) : _billustrations, tables, diagrams, forms ; _c28 cm |
||
| 336 |
_atext _btxt _2rdacontent |
||
| 337 |
_aunmediated _bn _2rdamedia |
||
| 338 |
_avolume _bnc _2rdacarrier |
||
| 650 | 7 |
_aŞirketler _xFinans _2 _93697 |
|
| 650 | 7 |
_aDiskriminant analiz _2etuturkob _929820 |
|
| 700 | 1 |
_aÖzselçuk, Erdinç _eauthor _9132439 |
|
| 710 | 2 |
_aTürkiye Sınaı̂ Kalkınma Bankası _9119649 |
|
| 942 |
_2lcc _cBK |
||